000 00510nam a2200193 a 4500
001 1757826842899
003 YourLibrary
005 20250915121513.0
008 250914s2008##################000#0#eng##
020 _a9781847248527
082 0 4 _a150
_bFUR
100 1 _aFurnham, Adrian,
_eauthor.
245 1 0 _a50 Psychology Ideas You Really Need to Know :
260 _bQuercus Books,
_c2008.
300 _a208 pages
650 0 _aPsychology.
942 _cENGLISH
040 _aYourLibrary
_beng
_cYourLibrary
999 _c587078
_d587078